|
|
|
|
| LEADER |
00000nbm0a2200000 4500 |
| 001 |
116592 |
| 005 |
20231101215335.0 |
| 035 |
|
|
|a (RuTPU)RU\TPU\book\126180
|
| 090 |
|
|
|a 116592
|
| 100 |
|
|
|a 20070523j2007 k y0rusy50 ca
|
| 101 |
0 |
|
|a rus
|
| 102 |
|
|
|a RU
|
| 105 |
|
|
|a a m 001zy
|
| 200 |
1 |
|
|a Сорбционное концентрирование золота (I,III) и серебра (I) из тиоцианатных растворов, их разделение и последующее определение золота
|e диссертация на соискание ученой степени кандидата химических наук
|e спец. 02.00.02
|f Н. В. Даниленко
|g Красноярский государственный университет (КрасГУ); науч. рук. О. Н. Кононова
|
| 210 |
|
|
|a Красноярск
|c [Б. и.]
|d 2007
|
| 215 |
|
|
|a 149 л.
|c ил.
|
| 229 |
|
|
|a Защищена 16.05.2007 г.
|
| 320 |
|
|
|a Библиогр.: с. 134-149 (177 назв.).
|
| 452 |
|
1 |
|0 (RuTPU)RU\TPU\book\344324
|t Сорбционное концентрирование золота (I,III) и серебра (I) из тиоцианатных растворов, их разделение и последующее определение золота
|o диссертация на соискание ученой степени кандидата химических наук
|o спец. 02.00.02
|f Н. В. Даниленко
|g Красноярский государственный университет (КрасГУ) ; науч. рук. О. Н. Кононова
|c Красноярск
|n Б.и.
|d 2007
|a Даниленко, Неля Викторовна
|
| 606 |
1 |
|
|a Серебро
|x Химия
|2 stltpush
|3 (RuTPU)RU\TPU\subj\75144
|9 87015
|
| 606 |
1 |
|
|a Золото
|x Химия
|2 stltpush
|3 (RuTPU)RU\TPU\subj\75147
|9 87018
|
| 610 |
1 |
|
|a селективные сорбенты
|
| 610 |
1 |
|
|a физико-химическая характеристика
|
| 610 |
1 |
|
|a тиоцианатные растворы
|
| 610 |
1 |
|
|a ионное состояние
|
| 610 |
1 |
|
|a выделение
|
| 610 |
1 |
|
|a исходные вещества
|
| 610 |
1 |
|
|a сорбционное концентрирование
|
| 610 |
1 |
|
|a сорбционно-спектроскопическое определение
|
| 610 |
1 |
|
|a диссертации
|
| 675 |
|
|
|a 546.57(04)
|v 3
|
| 675 |
|
|
|a 546.59(04)
|v 3
|
| 686 |
|
|
|a 02.00.02
|2 oksvnk
|
| 700 |
|
1 |
|a Даниленко
|b Н. В.
|g Неля Викторовна
|
| 702 |
|
1 |
|a Кононова
|b О. Н.
|4 727
|
| 712 |
0 |
2 |
|a Красноярский государственный университет (КрасГУ)
|2 stltpush
|3 (RuTPU)RU\TPU\col\9
|
| 801 |
|
1 |
|a RU
|b 63413507
|c 20070523
|g PSBO
|
| 801 |
|
2 |
|a RU
|b 63413507
|c 20160506
|g PSBO
|
| 942 |
|
|
|c BK
|